Jól csak szeretve lehet nevelni az iskola nem arra kíváncsi, mit tud a gyerek, hanem azt akarja rábizonyítani, mit nem tud

Bibliographic Details
Main Authors: Vrabec, Mária, 1970- (Author, Interviewer), Vekerdy, Tamás, 1935- (Author)
Format: Article
Language:Hungarian
PhysicalDescription:Fotogr.
Subjects:

MARC

LEADER 00000nab a2200000 ar4500
001 vtls009003905
003 SK-MaSNL
005 20260426041410.0
008 070329c2007 xo |||||||| 000 b|hun
015 |a SNBRB2007/03  |2 snkbucl 
038 |a SNKBUCL 
040 |a DSZK  |b slo  |c DSZK  |e AACR2 
041 0 |a hun 
044 |a xo  |c SK 
080 |a 37.014.53:37.064  |2 1997 
080 |a 37.064  |2 1997 
080 |a 159.922.7  |2 1997 
100 1 |a Vrabec, Mária,  |d 1970-  |4 ivr  |4 aut  |9 102331 
245 1 0 |a Jól csak szeretve lehet nevelni  |b az iskola nem arra kíváncsi, mit tud a gyerek, hanem azt akarja rábizonyítani, mit nem tud  |c Vrabec Mária, Vekerdy Tamás 
300 |b Fotogr. 
650 0 7 |a školstvo  |x humanizácia  |2 snkbucl  |9 862386 
650 0 7 |a deti  |x výchova  |2 snkbucl  |9 1049230 
650 0 7 |a vzťahy rodič-dieťa  |2 snkbucl  |9 855962 
650 0 7 |a výchova  |2 snkbucl  |9 957 
650 0 7 |a vzdelávanie  |2 snkbucl  |9 4033 
655 7 |a rozhovory  |2 snkbucl  |9 31831 
700 1 |a Vekerdy, Tamás,  |d 1935-  |4 ive  |4 aut  |9 905979 
773 0 |t Vasárnap  |g Évf. 40, sz. 13 (2007), o. 20-22 
852 |a SNK  |b KIS3GCP 
852 |a DSZK  |b KIS3GCP 
958 |a HU 
999 |c 1751892  |d 1753822